Comparative study of development plans of Arab Sta (Record no. 658292)

MARC details
000 -LEADER
fixed length control field 00851nam a2200241Ia 4500
003 - CONTROL NUMBER IDENTIFIER
control field OSt
005 - DATE AND TIME OF LATEST TRANSACTION
control field 20220926033919.0
008 - FIXED-LENGTH DATA ELEMENTS--GENERAL INFORMATION
fixed length control field 220923b |||||||| |||| 00| 0 eng d
037 ## - SOURCE OF ACQUISITION
Terms of availability General Book
040 ## - CATALOGING SOURCE
Original cataloging agency RTL
Transcribing agency RTL
Language of cataloging eng
041 ## - LANGUAGE CODE
Source of code eng
Language code of text/sound track or separate title eng
110 ## - MAIN ENTRY--CORPORATE NAME
Corporate name or jurisdiction name as entry element United Nations Industrial Development Organisation. Industrial Development Organisation
9 (RLIN) 339743
245 #0 - TITLE STATEMENT
Title Comparative study of development plans of Arab Sta
260 ## - PUBLICATION, DISTRIBUTION, ETC.
Place of publication, distribution, etc. Vienna
Name of publisher, distributor, etc. United Nations Industrial Development
Date of publication, distribution, etc. 1976
300 ## - PHYSICAL DESCRIPTION
Extent 268p.
Dimensions cm.
650 ## - SUBJECT ADDED ENTRY--TOPICAL TERM
Topical term or geographic name entry element Economic Development
9 (RLIN) 17300
700 ## - ADDED ENTRY--PERSONAL NAME
Personal name United Nations Industrial Development Organisation. Industrial Development Organisation
9 (RLIN) 339744
942 ## - ADDED ENTRY ELEMENTS (KOHA)
Classification part X:77.461, L6/UN
Koha item type General Books
Source of classification or shelving scheme Colon Classification (CC)
Holdings
Withdrawn status Lost status Damaged status Not for loan Home library Current library Date acquired Total Checkouts Full call number Barcode Date last seen Price effective from Koha item type
        Ratan Tata Library Ratan Tata Library 2022-09-26   X:77.461 L6/UN RT00496392 Ref 2022-09-26 2022-09-26 General Books
Copyright @ Delhi University Library System